Peces del oriente de Antioquia, Colombia (Registro nro. 16264)

Detalles MARC
000 -CABECERA
Campo de control 005480000a22001810004500
090 ## - CLASIFICACIÓN LOCAL
Colección As
Consecutivo Seriadas
041 0# - IDIOMA
Código de idioma para texto/pista de sonido o título separado
100 1# - ASIENTO PRINCIPAL--NOMBRE PERSONAL
Nombre personal Jaramillo Villa, Ursula
245 10 - MENCION DE TITULO
Título Peces del oriente de Antioquia, Colombia
650 14 - ASIENTO SECUNDARIO DE MATERIA - TERMINO TEMATICO
Término temático o nombre geográfico como elemento de entrada Ictiofauna
650 14 - ASIENTO SECUNDARIO DE MATERIA - TERMINO TEMATICO
Término temático o nombre geográfico como elemento de entrada Distribución geográfica
650 14 - ASIENTO SECUNDARIO DE MATERIA - TERMINO TEMATICO
Término temático o nombre geográfico como elemento de entrada Taxonomía
650 14 - ASIENTO SECUNDARIO DE MATERIA - TERMINO TEMATICO
Término temático o nombre geográfico como elemento de entrada Listas de especies
700 1# - ASIENTO SECUNDARIO - NOMBRE PERSONAL
Nombre personal Maldonado Ocampo, Javier
700 1# - ASIENTO SECUNDARIO - NOMBRE PERSONAL
Nombre personal Bogotá Gregory, Juan David
773 1# - Item fuente:
Título Biota Colombiana
Descripción física 2
Paginas del Articulo 279-293
Lugar, editorial y fecha de publicación 2008
Información sobre la relación 9
942 ## - ELEMENTOS ADICIONALES (KOHA)
Tipo de ítem Artículo

No hay ítems disponibles.